000 00520nam a2200217Ia 4500
003 OSt
005 20220924152708.0
006 a|||||r|||| 00| 0
007 ta
008 220923b |||||||| |||| 00| 0 ara d
024 _a343888
037 _cTextual
040 _aARTS
_cARTS
_bara
041 _2ara
_aara
082 _aO28,1D748x, K4
245 0 _aDeewan-e-abu al-atahia
260 _c1964
650 _aARABIC POETRY
942 _hO28,1D748x, K4
_cTEXL
_2CC
999 _c470668
_d470668